|
|
|
|
| LEADER |
00000nab a2200000 a 4500 |
| 001 |
vtls000295183 |
| 003 |
SK-MaSNL |
| 005 |
20260304062022.0 |
| 008 |
250422c1987 xo 0 slo |
| 015 |
|
|
|a SNBRB19rr/mm-uuuuu
|
| 035 |
|
|
|a CL0305302
|
| 035 |
|
|
|a urn:nbn:sk:snk-ab6um0
|
| 035 |
|
|
|a (uuid)69847296-657c-4118-b8e5-aad89239d004
|
| 035 |
|
|
|a (urnnbn)urn:nbn:sk:snk:ar-a05zab
|
| 035 |
|
|
|a (sysno)vtls000295183
|
| 040 |
|
|
|a SNKBUCL
|b slo
|c SNKBUCL
|e AACR2
|
| 041 |
0 |
|
|a cze
|
| 044 |
|
|
|a xo
|c SK
|
| 080 |
|
|
|a 613.81+613.83(437+437.6)
|2 1981
|
| 080 |
|
|
|a 613.83(437
|2 1981
|
| 080 |
|
|
|a 437.6)
|2 1981
|
| 100 |
1 |
|
|a Škoda, Ctirad,
|d 1921-1998
|4 aut
|9 174497
|
| 245 |
1 |
0 |
|a Vývoj incidence hospitalizace pro závislost na alkoholu a jiných návykových látkach v ČSR a SSR v období let 1963 - 1985
|c C. Škoda
|
| 300 |
|
|
|b Tb. 4. Res. rus., nem., angl., lit. 4 zázn. v češ., angl.
|
| 650 |
0 |
7 |
|a alkoholizmus
|2 snkbucl
|9 14184
|
| 650 |
0 |
7 |
|a drogová závislosť
|2 snkbucl
|9 1551
|
| 655 |
|
7 |
|a články z novín a časopisov
|2 snkbucl
|9 267496
|
| 773 |
0 |
|
|t Protialkoholický obzor
|g Roč. 22, č. 4 (1987), s. 193-201
|
| 850 |
|
|
|a Slovenská národná knižnica
|
| 852 |
|
|
|a Slovenská národná knižnica
|
| 954 |
|
|
|a odborná, vedecká literatúra cudzojazyčná (svetová)
|2 lita
|
| 958 |
|
|
|a article2022
|
| 958 |
|
|
|a RK
|
| 958 |
|
|
|a MI
|
| 958 |
|
|
|a OND
|
| 958 |
|
|
|a EUIPO
|
| 992 |
|
|
|a RBX
|
| 999 |
|
|
|c 2736136
|d 2738066
|